000 01061cam a2200325 i 4500
001 1757
003 Mx-PuUPA
005 20260319110133.0
008 140415s2015 mx gr 001 0 spa d
020 _a9786074627725
040 _cMx-PuUPA
_aMx-PuUPA
_bspa
_dMx-PuUPA
_erda
041 0 _aspa
043 _anwcu---
100 1 _aRojas, Rafael,
_d1965-
_eautor
_917925
245 _aHistoria mínima de la Revolución Cubana /
_cRafael Rojas
250 _aPrimera edición
264 1 _aMéxico, D.F. :
_bEl Colegio de México,
_c2015
300 _a201 páginas ;
_c21 cm
336 _2rdacontent
_atexto
_btxt
337 _2rdamedia
_asin medio
_bn
338 _2rdacarrier
_avolumen
_bnc
490 _aHistoria mínima de
500 _aFirmado por el autor.
651 4 _aCuba
_xHistoria
_vRevolución, 1959
651 4 _aCuba
_xHistoria
_y1959-1990
942 _2ddc
_cLI
_h972.91064
_iR74
999 _c1757
_d1757